000 00576nam a2200241 a 4500
001 nice12345678
003 IN_TiNIC
005 20260116011257.0
008 050524s1962 bosa grp 000 0 eng
020 _a
_c0
082 0 0 _a190
_bHOF
100 _aHofsdtadter, Richard
245 _aSocial Darwinism in American Thought
260 _aBoston
_bBeacon Press
_c1962
300 _a248p
500 _aincludes index and biblioraphy
505 2 _aIndex
650 _aLiberalism
700 1 _aHofsdtadter, Richard
902 _bSRS
942 _cBK
999 _c100
_d100